00324nam a2200121Ia 4500008004100000040001700041041001200058082001600070100002200086245003400108260004500142300001500187230917s9999||||xx |||||||||||||| ||und|| e198721aMAIN aEnglish a954.8 V548E aVeluthat, Kesavan 0aEarly medieval in South India aNew DelhibOxford University Pressc2009 axi, 356 p.